| 000 | 00000nam##2200000za#4500 |
| 001 | 9.687303 |
| 003 | CaOODSP |
| 005 | 20210624230922 |
| 007 | cr ||||||||||| |
| 008 | 150407|2005||||xxc|||||o f|0| 0 eng|d |
| 020 | |a0-662-39311-2 |
| 040 | |aCaOODSP|beng |
| 043 | |an-cn--- |
| 086 | 1 |aM38-23/2004E-PDF |
| 110 | 1 |aCanada.|bNatural Resources Canada. |bMinerals and Metals Sector. |
| 245 | 10|aCANMET Materials Technology Laboratory technical review 2003 and 2004 |h[electronic resource] |
| 260 | |aOttawa - Ontario : |bNatural Resources Canada. |cc2005. |
| 300 | |a37p.|borganization chart, tables, photographs |
| 500 | |aThe catalogue number (M38-23/2004) and ISBN (0-662-68707-8) for the bilingual print edition have been copied in this electronic publication. |
| 590 | |a14-19-Supp|b2014-11-03 |
| 775 | 08|tLaboratoire de la technologie des matériaux de CANMET rapport technique 2003 et 2004 |w(CaOODSP)9.631758 |
| 856 | 40|ahttp://publications.gc.ca|qPDF|s1.89 MB|uhttps://publications.gc.ca/collections/collection_2014/rncan-nrcan/M38-23-2004-eng.pdf |